Panorama de la inserción internacional de América Latina y el Caribe : 2000-2001 /

Збережено в:
Бібліографічні деталі
Співавтор: Comisión Económica para América Latina y el Caribe
Формат: Книга
Мова:Іспанська
Опубліковано: Santiago, Chile : Comisión Económica para América Latina y el Caribe, 2002, c2002
Серія:(Informes Periódicos Institucionales)
Предмети:
Теги: Додати тег
Немає тегів, Будьте першим, хто поставить тег для цього запису!

MARC

LEADER 00000nam^a2200000^a^4500
001 000138195
005 20250521000000.0
009 20260310095418.842
020 |a 92-1-321919-9 
037 |a Acervo ITESO - Biblioteca 
041 |a ESP 
082 |a 330. 980003  |b COM INS 2000 
110 |a Comisión Económica para América Latina y el Caribe 
240 1 1 |a [Informes periódicos institucionales de la CEPAL] 
240 1 1 |a [Panorama de la inserción internacional de América Latina y el Caribe] 
245 1 0 |a Panorama de la inserción internacional de América Latina y el Caribe :  |b 2000-2001 /  |c Comisión Económica para América Latina y el Caribe. 
264 4 |a Santiago, Chile :  |b Comisión Económica para América Latina y el Caribe,  |c 2002, c2002 
300 |a 181 p. +  |e 1 disco compacto de computadora 
336 |a texto  |b txt  |2 rdacontenido 
337 |a sin mediación  |b n  |2 rdamedio 
338 |a volumen  |b nc  |2 rdasoporte 
440 1 |a (Informes Periódicos Institucionales) 
649 |a XX 
650 |a Comisión Económica para América Latina y el Caribe -  |x Informes 
650 |a Economía -  |z Latinoamérica -  |x Anuarios 
650 |a Economía -  |z Latinoamérica -  |x Estadísticas -  |x Tema Principal 
650 |a Economía -  |z Latinoamérica -  |x Historia -  |y 2000-2009 
650 |a Economía -  |z Latinoamérica -  |x Historia -  |y Siglo XXI 
650 |a Comercio Exterior -  |z Latinoamérica 
650 |a Apertura Comercial e Integración Económica -  |z Latinoamérica 
650 |a Política Económica -  |z Latinoamérica 
650 |a Política Comercial -  |z EUA 
650 |a Política Económica -  |z EUA 
650 |a Latinoamérica -  |x Condiciones Económicas 
910 |a Fondo General 
920 |a Impresos - Libros 
930 |a Obras de Referencia 
905 |a 102 
901 |a 0500066815  |b IT2  |c REF  |u 20250521 
901 |a 0500163282  |b IT2  |c SWB  |u 20250521 
902 |a https://opac.biblio.iteso.mx/vufind/Record/000138195